LEADER 01338nam0 22002893i 450 001 SUN0083005 005 20160217105511.649 100 $a20110330d1996 |0itac50 ba 101 $aita 102 $aIT 105 $a|||| ||||| 200 1 $aIgiene alimentare, personale, ambientale nella ristorazione$f[Carlo Cantoni, Simonetta D'Aubert, Claudia Balzaretti] 205 $a3. ed 210 $aMilano$cUnisco$d[1996] 215 $a134, [24] p.$cill.$d30 cm. - Suppl. a Ristorazione collettiva catering n. 9/96. 620 $dMilano$3SUNL000284 676 $a363.729$cIgiene. Misure sanitarie in specifici ambienti$v21 702 1$aCantoni$b, Carlo$3SUNV012632 702 1$aD'Aubert$b, Simonetta$3SUNV068655 702 1$aBalzaretti$b, Claudia$3SUNV068656 712 $aUnisco$3SUNV008476$4650 801 $aIT$bSOL$c20181109$gRICA 912 $aSUN0083005 950 $aUFFICIO DI BIBLIOTECA DEL DIPARTIMENTO DI SCIENZE E TECNOLOGIE AMBIENTALI BIOLOGICHE E FARMACEUTICHE$d17 CONS Oc31 $e17 DSV510 995 $aUFFICIO DI BIBLIOTECA DEL DIPARTIMENTO DI SCIENZE E TECNOLOGIE AMBIENTALI BIOLOGICHE E FARMACEUTICHE$bIT-CE0101$gDSV$h510$kCONS Oc31$oc$qa 996 $aIgiene alimentare - personale - ambientale nella ristorazione$9410227 997 $aUNICAMPANIA LEADER 00985nam 2200349 450 001 9910137652803321 005 20221017133610.0 010 $a953-51-6106-7 035 $a(CKB)3230000000077226 035 $a(NjHacI)993230000000077226 035 $a(EXLCZ)993230000000077226 100 $a20221017d2011 uy 0 101 0 $aeng 135 $aur||||||||||| 181 $ctxt$2rdacontent 182 $cc$2rdamedia 183 $acr$2rdacarrier 200 00$aWater Conservation /$fedited by Manoj K. Jha 210 1$aRijeka, Croatia :$cInTech,$d2011. 215 $a1 online resource (164 pages) $cillustrations 311 $a953-307-960-6 320 $aIncludes bibliographical references. 606 $aEstuarine ecohydrology 615 0$aEstuarine ecohydrology. 676 $a577.7 702 $aJha$b Manoj K. 801 0$bNjHacI 801 1$bNjHacl 906 $aBOOK 912 $a9910137652803321 996 $aWater Conservation$92022247 997 $aUNINA LEADER 03888nam 2200517 450 001 996466481403316 005 20211211224940.0 010 $a3-540-39482-6 024 7 $a10.1007/3-540-39482-6 035 $a(CKB)3400000000100289 035 $a(DE-He213)978-3-540-39482-2 035 $a(MiAaPQ)EBC3072538 035 $a(MiAaPQ)EBC6575148 035 $a(Au-PeEL)EBL6575148 035 $a(OCoLC)1058913728 035 $a(PPN)155193880 035 $a(EXLCZ)993400000000100289 100 $a20211211d1989 uy 0 101 0 $aeng 135 $aurnn|008mamaa 181 $ctxt$2rdacontent 182 $cc$2rdamedia 183 $acr$2rdacarrier 200 10$aDifferential geometry in the large $eseminar lectures, New York University, 1946 and Stanford University, 1956 /$fHeinz Hopf 205 $a2nd ed. 1989. 210 1$aBerlin, Germany ;$aNew York, New York :$cSpringer-Verlag,$d[1989] 210 4$d©1989 215 $a1 online resource (VIII, 192 p.) 225 1 $aLecture Notes in Mathematics,$x0075-8434 ;$v1000 311 $a3-540-51497-X 327 $aSelected Topics in Geometry -- The Euler Characteristic and Related Topics -- Selected Topics in Elementary Differential Geometry -- The Isoperimetric Inequality and Related Inequalities -- The Elementary Concept of Area and Volume -- Differential Geometry in the Large -- Differential Geometry of Surfaces in the Small -- Some General Remarks on Closed Surfaces in Differential Geometry -- The Total Curvature (Curvatura Inteqra) of a Closed Surface with Riemannian Metric and Poincaré?s Theorem on the Singularities of Fields of Line Elements -- Hadamard?s Characterization of the Ovaloids -- Closed Surfaces with Constant Gauss Curvature (Hilbert?s Method) ? Generalizations and Problems ? General Remarks on Weinqarten Surfaces -- General Closed Surfaces of Genus O with Constant Mean Curvature ? Generalizations -- Simple Closed Surfaces (of Arbitrary Genus) with Constant Mean Curvature ? Generalizations -- The Congruence Theorem for Ovaloids -- Singularities of Surfaces with Constant Negative Gauss Curvature. 330 $aThese notes consist of two parts: Selected in York 1) Geometry, New 1946, Topics University Notes Peter Lax. by Differential in the 2) Lectures on Stanford Geometry Large, 1956, Notes J.W. University by Gray. are here with no essential They reproduced change. Heinz was a mathematician who mathema- Hopf recognized important tical ideas and new mathematical cases. In the phenomena through special the central idea the of a or difficulty problem simplest background is becomes clear. in this fashion a crystal Doing geometry usually lead serious allows this to to - joy. Hopf's great insight approach for most of the in these notes have become the st- thematics, topics I will to mention a of further try ting-points important developments. few. It is clear from these notes that laid the on Hopf emphasis po- differential Most of the results in smooth differ- hedral geometry. whose is both t1al have understanding geometry polyhedral counterparts, works I wish to mention and recent important challenging. Among those of Robert on which is much in the Connelly rigidity, very spirit R. and in - of these notes (cf. Connelly, Conjectures questions open International of Mathematicians, H- of gidity, Proceedings Congress sinki vol. 1, 407-414) 1978, . 410 0$aLecture Notes in Mathematics,$x0075-8434 ;$v1000 606 $aGeometry, Differential 606 $aGlobal differential geometry 615 0$aGeometry, Differential. 615 0$aGlobal differential geometry. 676 $a516.36 700 $aHopf$b Heinz$f1894-1971,$041921 801 0$bMiAaPQ 801 1$bMiAaPQ 801 2$bMiAaPQ 906 $aBOOK 912 $a996466481403316 996 $aDifferential geometry in the large$979959 997 $aUNISA LEADER 01380nam0 22002771i 450 001 UON00000626 005 20231205101846.198 100 $a20020107d1991 |0itac50 ba 101 $aita 102 $aIT 105 $a|||| 1|||| 200 1 $aImmagini del Nanyang$eRealtà e stereotipi nella storiografia cinese verso la fine della dinastia Ming$fDonatella Guida 210 $aNapoli$cOpera Universitaria. Istituto Universitario Orientale$d1991 215 $a218 p.$d24 cm 410 1$1001UON00000410$12001 $aSerie Didattica 2$v09 606 $aSTORIOGRAFIA CINESE$3UONC003224$2FI 686 $aCIN IV$cCINA - STORIA$2A 700 1$aGuida$bDonatella$3UONV000630$00 712 02$aIstituto Universitario Orientale : Dipartimento di Studi Asiatici$3UONV000393 791 02$aDipartimento di Studi Asiatici $zIstituto Universitario Orientale : Dipartimento di Studi Asiatici$3UONV000391 801 $aIT$bSOL$c20250801$gRICA 912 $aUON00000626 950 $aSIBA - SISTEMA BIBLIOTECARIO DI ATENEO$dSI CIN IV 069 N $eSI SA 68701 5 069 N 950 $aSIBA - SISTEMA BIBLIOTECARIO DI ATENEO$dSI CONS CIN IV 009 $eSI SA 68702 5 009 996 $aImmagini del Nanyang$91173929 997 $aUNIOR